000 00282nam a22001337a 4500
008 170524b xxu||||| |||| 00| 0 eng d
020 _a0471081787
041 _aeng
080 _a621
100 _a26
101 _aIM
245 _aHEAT PUMP SYSTEMS
_cSAUER,H.J
942 _2udc
_cBK
999 _c14183
_d14183